000 00413 a2200157 4500
020 _a0007128673
082 _a823.912
090 _c974
_d974
100 _aChristie, Agatha.
245 _aDeath comes as the end
_cAgatha Christie
260 _aNew York:
_bCollins Publishers,
_c1945.
300 _a334 p. ;
_b20 cm.
500 _aIncludes Index
650 _aDetective and mystery stories
942 _cBK
_k823.912 CHR
999 _c4939
_d4939